000 00316nam a22001457a 4500
008 210604b ||||| |||| 00| 0 eng d
020 _a9780132091459
041 _aeng
080 _25th
_a316
082 _a316
100 _a50
101 _aSOC
245 _aSociety The Basics
_cMacionis,J.J
942 _2udc
_cBK
999 _c57947
_d57947